header

Fragments of empire (Record no. 229037)

MARC details
000 -LEADER
fixed length control field 01620nam a2200397 a 4500
082 04 - DEWEY DECIMAL CLASSIFICATION NUMBER
Classification number 306.36/09729
100 1# - MAIN ENTRY--AUTHOR NAME
Personal name Kale, Madhavi.
245 10 - TITLE STATEMENT
Title Fragments of empire
260 ## - PUBLICATION, DISTRIBUTION, ETC. (IMPRINT)
Place of publication Philadelphia [Pa.] :
Name of publisher University of Pennsylvania Press,
Year of publication c1998.
300 ## - PHYSICAL DESCRIPTION
Number of Pages 235 p.
490 1# - SERIES STATEMENT
Series statement Critical histories
650 #0 - SUBJECT ADDED ENTRY--TOPICAL TERM
Topical Term Indentured servants
Topical Term Indentured servants
Topical Term Labor supply
Topical Term Slave labor
856 40 - ELECTRONIC LOCATION AND ACCESS
Uniform Resource Identifier http://site.ebrary.com/lib/rucke/Doc?id=10491987

No items available.

© 2026 Rongo University
Contact us: librarian | system librarian | Rongo university